Exchange Rate Mean Reversion within a Target Zone: Evidence from a Country on the Periphery of the ERM
Gespeichert in:
| 1. Verfasser: | |
|---|---|
| Weitere Verfasser: | , |
| Format: | Buchkapitel |
| Sprache: | Englisch |
| Tags: |
Keine Tags, Fügen Sie das erste Tag hinzu!
|
MARC
| LEADER | 00000naa$a2200000$$$4500 | ||
|---|---|---|---|
| 001 | 0308029 | ||
| 005 | 20250407132703.6 | ||
| 041 | 0 | |a eng | |
| 044 | |a ES | ||
| 245 | 1 | 0 | |a Exchange Rate Mean Reversion within a Target Zone: Evidence from a Country on the Periphery of the ERM |c António Portugal Duarte, Joao Sousa Andrade, Adelaide Duarte |
| 100 | 1 | |a Duarte, António Portugal | |
| 700 | 1 | |a Andrade, Joao Sousa | |
| 700 | 1 | |a Duarte, Adelaide | |